000 00263nam a22001097a 4500
082 _a355.02 CHU'S
100 _aCHURCHILL, RANDOLPH S,CHURCHILL, WINSTON S
_976941
245 _aTHE SIX DAY WAR
260 _aLONDON
_bHEINEMAN
_c1968
300 _a250P
942 _cBK
999 _c582253
_d582253